|
|
|
|
| LEADER |
01207nam a2200241 a 4500 |
| 008 |
100208s2009 bg a b 000 0 eng d |
| 020 |
|
|
|a 9789843308948
|
| 040 |
|
|
|a DLC
|c DLC
|d DLC
|
| 082 |
0 |
0 |
|a 363.6/9/094897
|2 20
|
| 999 |
|
|
|c 7357
|d 7357
|
| 999 |
|
|
|c 7357
|
| 100 |
1 |
|
|a Mahbubur Rahman
|9 19860
|
| 245 |
1 |
0 |
|a Old but new :
|b new but old architectural heritage conservation /
|c Mahbubur Rahman
|
| 260 |
|
|
|a Dhaka :
|b UNESCO,
|c 2009.
|
| 300 |
|
|
|a 366 p. :
|b ill. (some col.) ;
|c 25 cm.
|
| 504 |
|
|
|a Includes bibliographical references.
|
| 541 |
|
|
|e 00019739
|
| 650 |
|
0 |
|a Architecture
|x Conservation and restoration
|z Bangladesh
|9 19861
|
| 852 |
4 |
|
|a Ayesha Abed Library
|j General shelf
|
| 942 |
|
|
|2 ddc
|c BK
|
| 952 |
|
|
|0 0
|1 0
|2 ddc
|4 0
|6 363_690948970000000_MAH_2009
|7 0
|9 7843
|a BRACUL
|b BRACUL
|c GEN
|d 2010-02-08
|l 2
|o 363.69094897 MAH
|p 3010019739
|r 2018-09-10
|s 2018-08-05
|t 1
|w 2010-02-08
|y BK
|
| 952 |
|
|
|0 0
|1 0
|2 ddc
|4 0
|6 363_690948970000000_MAH_2009
|7 0
|9 7844
|a BRACUL
|b BRACUL
|c GEN
|d 2010-02-08
|l 0
|o 363.69094897 MAH
|p 3010019740
|r 2010-02-08
|t 2
|w 2010-02-08
|y BK
|
| 952 |
|
|
|0 0
|1 0
|2 ddc
|4 0
|6 363_690948970000000_MAH_2009
|7 0
|9 7845
|a BRACUL
|b BRACUL
|c GEN
|d 2010-02-08
|l 1
|m 5
|o 363.69094897 MAH
|p 3010019741
|r 2012-04-28
|s 2012-03-22
|t 3
|w 2010-02-08
|y BK
|